000 00637nam a2200205Ia 4500
003 OSt
005 20230328094157.0
008 210423s2009 xx 000 0 und d
020 _a100198060270
040 _cAL
041 _aeng
082 _a543.0858
_223
_b TABD
100 _aTABER (Douglass F).
_978589
245 _aOrganic spectroscopic structure determination: problem-based learning approach.
260 _aOxford
_bOxford University Press
_c2009
300 _avii,263
_bPB
365 _b695
_cINR
906 _aapproach. ; determination: ; learning ; Organic ; problem-based ; spectroscopic ; structure
942 _2ddc
_cBK
999 _c154245
_d154245